01319nac a22003251i 4500003000900000005001700009008004100026035001900067040004300086043002100129082001700150100005500167240006000222245011000282264004000392300003600432336002600468337002800494338002700522504005200549546006100601651003900662651003600701655001700737700003500754700003400789942001200823999001500835952014300850EG-ScBUE20240418144357.0240418s1960 nyub f b 001 0 eng d a(OCoLC)3474279 aEG-ScBUEbengerdacEG-ScBUEdEG-ScBUE aa------af------04a953bBRO2221 aBrockelmann, Carl, d1868-1956,eauthor.10aGeschichte der Islamischen Volker und Staaten.lEnglish10aHistory of the Islamic peoples /cby Carl Brockelmann ; translated by Joel Carmichael and Moshe Perlmann. 1aNew York :bCapricorn Books,c1960. axix, 566 pages :bmaps ;c23 cm 2rdacontentatextbtxt aunmediated2rdamediabn avolumebnc2rdacarrier aIncludes bibliographical references and index.  aText in English ; translated from the original Germany.  7aIslamic countriesxHistory.2BUEsh 7aIslamic EmpirexHistory.2BUEsh vReading book1 aCarmichael, Joel,etranslator.1 aPerlmann, Moshe,etranslator. cBB2ddc c1797d1797 00102ddc40708AlahramaMAINbMAINc2NDd2014-12-06ePurchasel6m6o953 BROp000002520r2025-07-15 00:00:00s2014-03-16w2006-12-14yBB